|
|
|
|
| LEADER |
00000nam a2200000 a 4500 |
| 001 |
vtls010596796 |
| 003 |
SK-MaSNL |
| 005 |
20260301215105.0 |
| 008 |
250414s2013 xo da f n 100 0 slo |
| 015 |
|
|
|a SNBA2014/06
|
| 020 |
|
|
|a 9788081270864 (brož.)
|
| 035 |
|
|
|a 57226d98-abf2-4379-acc4-d960141cf5f0
|
| 035 |
|
|
|a urn:nbn:sk:snk-amjt76
|
| 035 |
|
|
|a urn:nbn:sk:snk:ar-a0aqbf
|
| 040 |
|
|
|a SNK
|b slo
|c SNK
|e AACR2
|
| 041 |
0 |
|
|a slo
|b eng
|b cze
|
| 044 |
|
|
|a xo
|c SK
|
| 072 |
|
7 |
|a 159.95
|x Vyššie duševné procesy
|2 konspekt
|
| 072 |
|
7 |
|a 159.9
|x Psychológia
|2 konspekt
|
| 080 |
|
|
|a 171
|2 2001
|
| 080 |
|
|
|a 159.955
|2 2001
|
| 080 |
|
|
|a (082)
|2 2001
|
| 111 |
2 |
|
|a Psychologické dni
|n (31. :
|d 2013 :
|c Bratislava, Slovensko)
|9 603853
|
| 245 |
0 |
0 |
|a Otázniky rozhodovania: teória, empíria, život
|b 31. Psychologické dni : zborník príspevkov
|
| 260 |
|
|
|a Bratislava
|b STIMUL
|c 2013
|
| 300 |
|
|
|a 395 s.
|b grafy, ilustr., tab.
|c 21 cm
|
| 504 |
|
|
|a Bibliogr. odkazy
|
| 546 |
|
|
|a Res. angl., čes.
|
| 650 |
0 |
7 |
|a rozhodovanie
|2 SNKPH
|9 1671
|
| 650 |
0 |
7 |
|a Decision making
|2 SNKPHeng
|9 306451
|
| 650 |
0 |
7 |
|a psychológia
|2 SNKPH
|9 807
|
| 650 |
0 |
7 |
|a Psychology
|2 SNKPHeng
|9 265291
|
| 655 |
|
7 |
|a zborníky konferencií
|2 SNKPH
|9 70153
|
| 655 |
|
7 |
|a Proceedings of conferences
|2 SNKPHeng
|9 265791
|
| 655 |
|
7 |
|a issue_zb
|2 SNK
|9 276493
|
| 852 |
|
|
|a Slovenská národná knižnica
|
| 919 |
|
|
|a 978-80-8127-086-4
|
| 954 |
|
|
|a odborná, vedecká literatúra pôvodná (slovenská)
|2 lita
|
| 954 |
|
|
|a odborná, vedecká literatúra cudzojazyčná (svetová)
|2 lita
|
| 958 |
|
|
|a OND
|
| 999 |
|
|
|c 926864
|d 928794
|
| 952 |
|
|
|a SNK
|b SNK
|y PREZ
|7 0
|p 17A1110519
|o snkSC 159541
|i snk2014/11510
|8 0
|0 0
|1 0
|4 0
|d 2014-05-15
|l 0
|r 2025-08-21 00:00:00
|w 2026-02-24
|
| 952 |
|
|
|a SNK
|b SNK
|y VYP
|7 0
|p 17A1110518
|o snkSC 159541 D1
|i snk2014/11512
|8 0
|0 0
|1 0
|4 0
|d 2014-05-15
|l 0
|r 2026-02-24 08:36:27
|w 2026-02-24
|